Largest First-Level Subdivisions by Country - Statistics

General Stats
  • This quiz has been taken 57 times
  • The average score is 21 of 30
Answer Stats
Country Subdivision % Correct
United States A Alaska
96%
United States P California
96%
Germany A Bavaria
93%
Canada P Ontario
91%
Brazil P São Paulo
91%
Australia A Western Australia
87%
Switzerland P Zurich
85%
France P Île-de-France
83%
Russia P Moscow
83%
Australia P New South Wales
83%
Italy P Lombardy
80%
Canada A Nunavut
80%
Mexico P México
78%
Germany P North Rhine-Westphalia
78%
Italy A Sicily
78%
Brazil A Amazonas
76%
India P Uttar Pradesh
72%
China A Xinjiang Uyghur
72%
China P Guangdong
63%
Ukraine A Odessa
61%
Pakistan P Punjab
61%
Russia A Sakha
61%
Pakistan A Balochistan
57%
Ukraine P Donetsk
57%
Mexico A Chihuahua
54%
France A Nouvelle-Aquitaine
50%
India A Rajasthan
50%
South Africa P Gauteng
37%
South Africa A Northern Cape
37%
Switzerland A Grisons
30%
No matching quizzes found
Score Distribution
Percent of People with Each Score
Percentile by Number Answered
Your Score History
You have not taken this quiz